Biblical Judges - Statistics

General Stats
  • This quiz has been taken 359 times
  • The average score is 5 of 13
Answer Stats
Hint Answer % Correct
Deborah
87%
Samson
81%
Gideon
71%
Ehud
44%
Barak
39%
Jephthah
31%
Othniel
31%
Shamgar
22%
Tola
18%
Elon
17%
Jair
17%
Abdon
15%
Ibzan
13%
No matching quizzes found
Score Distribution
Percent of People with Each Score
Percentile by Number Answered
Your Score History
You have not taken this quiz